Statistics for Elizabeth Line Stations

Click here to take the quiz!

General Stats

  • This quiz has been taken 5 times
  • The average score is 34 of 70

Answer Stats

HintAnswer% Correct
Shenfield - London Liverpool StreetShenfield Station
100%
Abbey Wood - Heathrow Terminal(s) 4/5 (FOR QUIZ PURPOSES) |(Abbey Wood Station)
75%
Brentwood Station
75%
NEVER MIND THIS ROW, ONLY USED FOR QUIZ PURPOSES...|(Canary Wharf Station)
75%
NEVER MIND THIS ROW, ONLY USED FOR QUIZ PURPOSES...|(Custom House Station)
75%
Harold Wood Station
75%
Paddington - Heathrow Terminal(s) 4/5Paddington Station
75%
Shenfield - Heathrow Terminal(s) 4/5Shenfield Station
75%
Whitechapel Station
75%
NEVER MIND THIS ROW, ONLY USED FOR QUIZ PURPOSES...|(Woolwich Station)
75%
Abbey Wood - ReadingAbbey Wood Station
50%
Bond Street Station
50%
Bond Street Station
50%
Brentwood Station
50%
Burnham (Berks) Station
50%
Canary Wharf Station
50%
Chadwell Heath Station
50%
Chadwell Heath Station
50%
Custom House Station
50%
Farringdon Station
50%
Farringdon Station
50%
Forest Gate Station
50%
Forest Gate Station
50%
Gidea Park Station
50%
Gidea Park Station
50%
Goodmayes Station
50%
Goodmayes Station
50%
Harold Wood Station
50%
Ilford Station
50%
Ilford Station
50%
Iver Station
50%
Langley (Berks) Station
50%
London Liverpool Street Station
50%
London Liverpool Street Station
50%
London Liverpool Street Station
50%
Maidenhead Station
50%
Manor Park Station
50%
Manor Park Station
50%
Maryland Station
50%
Maryland Station
50%
Paddington - ReadingPaddington Station
50%
Reading Station
50%
Romford Station
50%
Romford Station
50%
Seven Kings Station
50%
Seven Kings Station
50%
Slough Station
50%
Stratford Station
50%
Stratford Station
50%
Taplow Station
50%
Tottenham Court Road Station
50%
Tottenham Court Road Station
50%
Twyford Station
50%
West Drayton Station
50%
Whitechapel Station
50%
Woolwich Station
50%
Ealing Broadway Station
25%
Ealing Broadway Station
25%
Hanwell Station
25%
Hanwell Station
25%
Hayes and Harlington Station
25%
Hayes and Harlington Station
25%
Heathrow Terminals 2&3
25%
Heathrow Terminal(s) 4/5
25%
Southall Station
25%
Southall Station
25%
West Ealing Station
25%
West Ealing Station
25%
Acton Main Lane Station
0%
Acton Main Lane Station
0%

Score Distribution

Percentile by Number Answered

Percent of People with Each Score

Your Score History

You have not taken this quiz